Longest serving European prime ministers in modern time - Statistics

General Stats
  • This quiz has been taken 88 times
    18 since last reset
  • The average score is 7 of 23
Answer Stats
Length Country Prime minister % Correct
35, 129 Spain Francisco Franco
88%
36, 82 Portugal António de Oliveira Salazar
75%
20, 267 Italy Benito Mussolini
75%
16, 16 Germany Angela Merkel
69%
18, 239 Yugoslavia Josip Broz Tito
63%
19, 46 Hungary Viktor Orbán
63%
16, 26 Germany Helmut Kohl
56%
20, 354 Ireland Éamon de Valera
38%
18, 312 Luxembourg Jean-Claude Juncker
31%
23, 3 Sweden Tage Erlander
25%
20, 49 Luxembourg Pierre Werner
13%
22, 27 East Germany Willi Stoph
13%
16, 316 Liechtenstein Alexander Frick
6%
16, 8 Soviet Union Alexei Kosygin
6%
16, 0 Switzerland Charles Oser
6%
17, 17 Norway Einar Gerhardsen
6%
25, 89 San Marino Giuliano Gozi
6%
17, 30 Liechtenstein Josef Hoop
6%
22, 122 Poland Józef Cyrankiewicz
6%
18, 258 Czechoslovakia Lubomir Štrougal
6%
27, 151 Albania Mehmet Shehu
6%
22, 136 Vatican City Nicola Canali
6%
16, 48 Luxembourg Pierre Dupong
6%
No matching quizzes found
Score Distribution
Percent of People with Each Score
Percentile by Number Answered
Your Score History
You have not taken this quiz since the last reset